000
00291nam a2200133Ia 4500
005
20251222143144.0
008
251222s9999||||xx |||||||||||||| ||spa||
020
_a
84-7490-720-9
082
_a
848.9/P37
100
_a
PƩguy, Charles
245
0
_a
Eva
264
_b
Encuentro
942
_c
LIB
999
_c
12415
_d
12415